Statistics for 1900 Geography

Click here to take the quiz!

General Stats

  • This quiz has been taken 71 times
    (68 since last reset)
  • The average score is 14 of 25

Answer Stats

HintAnswer% Correct
The island of Ireland is owned by this nationUnited Kingdom
98%
Honseong and Incheon are major cities in this nationKorea
79%
This is the only region in South America owned by the NetherlandsSurinam
76%
Vienna and Budapest are the capitals of this countryAustria-Hungary
75%
Most of Greenland is Eskimo land but the southern part is owned by this nationDenmark
75%
Mecca and Medina are major cities for Islam and are located in this empireOttoman Empire
75%
Goa is a region in South Asia that is owned by this countryPortugal
71%
The Philippines are a territory of this nationUnited States
70%
The United States's two largest Caribbean islands are Puerto Rico and thisCuba
68%
Costa Rica borders this nation to the SouthColombia
67%
Bangkok is the capital of this nationSiam
67%
This is the capital of the Ottoman EmpireConstantinople
62%
This nation borders Romania, The British Empire, and GermanyRussian Empire
59%
The British territory of India and the Russian Empire are separated by this countryAfghanistan
56%
Fes is a major city owned by this nationMorocco
56%
There are two regions known as East Africa, one owned by The British, and one owned by this nationGermany
54%
Saigon is the largest city in this French TerritoryIndochina
52%
This country is home to the Northernmost spot in ScandinaviaSweden
51%
The United Kingdom owns this island south of IndiaCeylon
48%
This nation boders the Persian Gulf and the Caspian SeaPersia
48%
Beijing and Shanghai are currently controlled by this DynastyQing Dynasty
43%
This country separates Equatorial Africa from West AfricaCongo Free State
22%
This island is split between the Netherlands, Germany, and the BritishNew Guinea
17%
The British Empire borders Canada through this territoryLabrador
16%
These people own most of the SaharaTuareg
13%

Score Distribution

Percentile by Number Answered

Percent of People with Each Score

Your Score History

You have not taken this quiz since the last reset